000 01255nam a2200349Ia 4500
001 Z_6774
003 CHAP
005 20241108114451.0
008 220113s2015 xx 000 0 und d
010 _a170052
040 _cCHAP
090 _aTesis A68 2446
100 _aAquino López, Leonel
_9130165
245 _aGanancia de peso en ovinos estabulados en la región del Itsmo de Tehuantepec, Oaxaca /
_cLeonel Aquino López
260 _aMéxico :
_bEl autor,
_c2015
300 _a52 p
502 _aTesis (Ingeniero Agrónomo Especialista en Zootecnia) -- UACh, 2015 \ Dirección: José M. Monzón Armenta; asesoría: José Ayala Oseguera y José Artemio Cadena Meneses
650 _aBorregos criollos
_9145902
650 _aConsumo de materia seca
_9145903
650 _aConversión alimenticia
_9144285
650 _aGanado ovino
_9139065
650 _aGanancia diaria de peso
_9145554
700 _a Ayala Oseguera, José, asesor
_9142672
700 1 _a Cadena Meneses, José Artemio
_9142550
700 _aMonzón Armenta, José M., director
_9145904
856 4 2 _uhttp://10.13.5.2/tesis/sist112074.pdf
_yDescargar PDF
901 _aTESIS A68 2446
902 _aA
910 _a2015
942 _c2
_2ddc
942 _c2
_2ddc
999 _c170052
_d170052